Music Quiz

Random Music or Country Music Quiz

Who Am I? Musicians, Singers, and Composers Quiz Stats

 Plays Quiz Updated Feb 7, 2016

Challenge
Share
Tweet
Embed
Score 0/24 Timer 06:00
16 Plays Today
% Correct
Michael Jackson
93.8%
Aretha Franklin
91.9%
Kyu Sakamoto
89.4%
John Lennon
89%
Elvis Presley
88.7%
Beyoncé
87.7%
Frank Sinatra
86.7%
Wolfgang Amadeus Mozart
86.1%
Bruno Mars
85%
Pyotr Ilyich Tchaikovsky
82.7%
Patsy Cline
78.8%
Kate Bush
76.6%
% Correct
Maria Callas
74.5%
John Philip Sousa
74%
Dolly Parton
73.4%
The Fatback Band
73.1%
David Bowie
72.7%
George Gershwin
71.3%
Hank Williams
66.7%
Los del Rio
66.6%
Richard Rodgers
66.5%
Carole King
62.6%
Enrico Caruso
58.9%
Domenico Modugno
56.7%

You're not logged in!

Compare scores with friends on all Sporcle quizzes.
Join for Free
OR
Log In

You Might Also Like...

Show Comments

Extras

Top Quizzes Today


Score Distribution

Your Account Isn't Verified!

In order to create a playlist on Sporcle, you need to verify the email address you used during registration. Go to your Sporcle Settings to finish the process.

Report this User

Report this user for behavior that violates our Community Guidelines.

Details: